[Event "Bogota Avenida Chile op 6th"]
[Site "Bogota"]
[Date "2025.07.20"]
[Round "6"]
[White "Pena Nieto, Ana Marcela"]
[Black "Rodriguez Sanchez, Diego Eduardo"]
[Result "0-1"]
[WhiteElo "1786"]
[BlackElo "1976"]
[PlyCount "42"]
[EventDate "2025.07.20"]
[EventType "swiss (rapid)"]
[EventRounds "7"]
[EventCountry "COL"]
[SourceTitle "CB30_2025"]
[SourceDate "2025.07.23"]
[SourceVersion "1"]
[SourceVersionDate "2025.07.23"]
[SourceQuality "1"]

1. d4 f5 2. Bf4 e6 3. e3 b6 4. c4 Bb7 5. Nf3 Bb4+ 6. Nbd2 Nf6 7. a3 Bxd2+ 8. Qxd2 Ne4 9. Qe2 Nc6 10. Ne5 0-0 11. h4 d6 12. Nxc6 Bxc6 13. f3 Nf6 14. 0-0-0 Qe8 15. Rg1 e5 16. Bg5 Qf7 17. g4 exd4 18. Rxd4 fxg4 19. fxg4 Ne4 20. Bf4 Nc5 21. Qd1 Ba4 0-1

[Event "Bogota Avenida Chile op 5th"]
[Site "Bogota"]
[Date "2025.06.15"]
[Round "3"]
[White "Pena Nieto, Ana Marcela"]
[Black "Rodriguez Sanchez, Diego Eduardo"]
[Result "0-1"]
[WhiteElo "1772"]
[BlackElo "2012"]
[PlyCount "90"]
[EventDate "2025.06.15"]
[EventType "swiss (rapid)"]
[EventRounds "7"]
[EventCountry "COL"]
[SourceTitle "CB25_2025"]
[SourceDate "2025.06.18"]
[SourceVersion "1"]
[SourceVersionDate "2025.06.18"]
[SourceQuality "1"]

1. d4 d5 2. c4 e6 3. Nc3 Nf6 4. Bg5 dxc4 5. e3 a6 6. a4 c5 7. Bxc4 cxd4 8. Qxd4 Qxd4 9. exd4 Nbd7 10. a5 Bb4 11. Nge2 Ne4 12. Be3 0-0 13. 0-0 Ndf6 14. Ra4 Be7 15. d5 Bd7 16. Raa1 e5 17. Nxe4 Nxe4 18. Rfd1 Rac8 19. b3 Bb4 20. Bb6 Bc5 21. Bxc5 Rxc5 22. d6 Rd8 23. f3 Nf6 24. Rdc1 Rdc8 25. Ra2 Kf8 26. Rd1 Bb5 27. Bxb5 Rxb5 28. d7 Rd8 29. Rc2 Rxd7 30. Rxd7 Nxd7 31. Rc8+ Ke7 32. Rg8 g6 33. Nc1 Rxa5 34. Rc8 Rc5 35. Rxc5 Nxc5 36. Kf2 Kd6 37. Ke3 Kd5 38. b4 Na4 39. Nd3 f5 40. g3 b6 41. h3 h6 42. f4 e4 43. Ne5 g5 44. fxg5 Kxe5 45. gxh6 Kf6 0-1

[Event "Bogota Avenida Chile op 5th"]
[Site "Bogota"]
[Date "2025.06.15"]
[Round "6"]
[White "Rodriguez Sanchez, Diego Eduardo"]
[Black "Bustos Acosta, Isauro"]
[Result "0-1"]
[WhiteElo "2012"]
[BlackElo "1848"]
[PlyCount "91"]
[EventDate "2025.06.15"]
[EventType "swiss (rapid)"]
[EventRounds "7"]
[EventCountry "COL"]
[SourceTitle "CB25_2025"]
[SourceDate "2025.06.18"]
[SourceVersion "1"]
[SourceVersionDate "2025.06.18"]
[SourceQuality "1"]

1. d4 Nf6 2. Nf3 d6 3. c4 g6 4. Nc3 Bg7 5. Bf4 0-0 6. Qd2 Re8 7. e4 Nh5 8. Bg5 c6 9. Be2 Qc7 10. 0-0-0 e5 11. d5 c5 12. Ne1 Nf4 13. Bf3 Qa5 14. g3 Nh3 15. Be3 f5 16. Bg2 f4 17. gxf4 exf4 18. Bxf4 Nxf4 19. Qxf4 Bxc3 20. bxc3 Qxc3+ 21. Nc2 Qe5 22. Qe3 a6 23. f3 b5 24. h4 bxc4 25. h5 g5 26. h6 Rf8 27. Rdg1 Kh8 28. Bf1 Rg8 29. Bxc4 Ra7 30. Rh5 Qf4 31. Rhxg5 Qxe3+ 32. Nxe3 Rxg5 33. Rxg5 Rf7 34. e5 Re7 35. e6 a5 36. Nf5 Re8 37. f4 Ba6 38. Bxa6 Nxa6 39. a3 c4 40. Kc2 Nc5 41. Kc3 Ne4+ 42. Kxc4 Nxg5 43. fxg5 Kg8 44. Kb5 Kf8 45. a4 Ra8 46. Kc6 0-1

[Event "Bogota blitz op"]
[Site "Bogota"]
[Date "2024.12.21"]
[Round "6"]
[White "Ramirez Beltran, Francisco Javier"]
[Black "Rodriguez Sanchez, Diego Eduardo"]
[Result "0-1"]
[WhiteElo "1887"]
[BlackElo "2021"]
[PlyCount "70"]
[EventDate "2024.12.21"]
[EventType "swiss (blitz)"]
[EventRounds "11"]
[EventCountry "COL"]
[SourceTitle "CB52_2024"]
[SourceDate "2024.12.25"]
[SourceVersion "1"]
[SourceVersionDate "2024.12.25"]
[SourceQuality "1"]

1. e4 e6 2. d4 d5 3. e5 c5 4. c3 Qb6 5. Nf3 Nc6 6. a3 a5 7. Bd3 cxd4 8. cxd4 Bd7 9. Bc2 f6 10. exf6 Nxf6 11. 0-0 Bd6 12. h3 0-0 13. Re1 Rae8 14. Nc3 Bb8 15. Na4 Qc7 16. Nc5 Bc8 17. Be3 b6 18. Nd3 Ne4 19. Nde5 Nxe5 20. Nxe5 Qe7 21. Ba4 Rd8 22. Nc6 Qd6 23. Ne5 Rf5 24. Rc1 Rdf8 25. Rc6 Qd8 26. Qc2 Bxe5 27. dxe5 Nxf2 28. Rf1 Nxh3+ 29. gxh3 Rxf1+ 30. Kg2 Bb7 31. Rxb6 d4+ 32. Rxb7 Qd5+ 33. Kh2 Rh1+ 34. Kg3 Qf3+ 35. Kh4 Rxh3+ 0-1

[Event "Bogota blitz op"]
[Site "Bogota"]
[Date "2024.12.21"]
[Round "9"]
[White "Rodriguez Sanchez, Diego Eduardo"]
[Black "Labrador Avendano, Angie Jhoana"]
[Result "1-0"]
[WhiteElo "2021"]
[BlackElo "1798"]
[PlyCount "49"]
[EventDate "2024.12.21"]
[EventType "swiss (blitz)"]
[EventRounds "11"]
[EventCountry "COL"]
[SourceTitle "CB52_2024"]
[SourceDate "2024.12.25"]
[SourceVersion "1"]
[SourceVersionDate "2024.12.25"]
[SourceQuality "1"]

1. d4 e6 2. Bf4 c5 3. e3 Nf6 4. Nd2 d5 5. c3 Be7 6. Bd3 0-0 7. Ngf3 Nc6 8. Ne5 Bd7 9. Qf3 Re8 10. g4 Kf8 11. g5 Nxe5 12. dxe5 Ng8 13. h4 g6 14. Qg3 Bc6 15. h5 d4 16. Be4 dxc3 17. bxc3 Bxe4 18. Nxe4 Qd5 19. Qf3 Red8 20. hxg6 hxg6 21. Kf1 Qc4+ 22. Kg2 Ke8 23. Rh8 Kd7 24. Nf6+ Bxf6 25. Qxb7+ 1-0

[Event "Bogota blitz op"]
[Site "Bogota"]
[Date "2024.12.21"]
[Round "5"]
[White "Rodriguez Sanchez, Diego Eduardo"]
[Black "Mesa Baez, Samuel"]
[Result "1/2-1/2"]
[WhiteElo "2021"]
[BlackElo "1960"]
[PlyCount "147"]
[EventDate "2024.12.21"]
[EventType "swiss (blitz)"]
[EventRounds "11"]
[EventCountry "COL"]
[SourceTitle "CB52_2024"]
[SourceDate "2024.12.25"]
[SourceVersion "1"]
[SourceVersionDate "2024.12.25"]
[SourceQuality "1"]

1. d4 Nf6 2. Bf4 g6 3. Nc3 Bg7 4. Qd2 0-0 5. e4 d6 6. f3 Nbd7 7. 0-0-0 c6 8. Bh6 e5 9. Bxg7 Kxg7 10. Nge2 Qe7 11. h4 h5 12. Ng3 Rh8 13. Qg5 Nf8 14. Bc4 b5 15. Bb3 a5 16. a4 b4 17. Nce2 N8h7 18. Nxh5+ Kf8 19. Nxf6 Nxf6 20. g4 Nd7 21. Qxe7+ Kxe7 22. h5 Ba6 23. Ng3 exd4 24. hxg6 fxg6 25. Rxd4 Rxh1+ 26. Nxh1 c5 27. Bd5 Rh8 28. Rd1 Ne5 29. f4 Nxg4 30. Rg1 Nf6 31. Nf2 Rh2 32. Ng4 Nxg4 33. Rxg4 Kf6 34. Bc6 Rf2 35. Be8 Bc8 36. Rxg6+ Ke7 37. Bc6 Rxf4 38. Bd5 Bd7 39. Rg7+ Kd8 40. Rg8+ Kc7 41. Rg7 Rf8 42. Be6 Rd8 43. Kd2 Kc6 44. Bd5+ Kb6 45. Rg6 Bxa4 46. b3 Bc6 47. Ke3 Bxd5 48. exd5 Kb5 49. Rg7 Kb6 50. Kd3 Re8 51. Rd7 Re5 52. Rxd6+ Kb5 53. Rd8 Rh5 54. d6 Rd5+ 55. Ke3 c4 56. Rb8+ Kc5 57. bxc4 Kxc4 58. Ra8 Rxd6 59. Rxa5 Kc3 60. Rc5+ Kb2 61. Ke4 Rd2 62. Rc4 Ka3 63. Ke3 Rd1 64. Ke2 Rd8 65. Ke3 Rd7 66. Ke2 Rb7 67. Ke3 Kb2 68. Ke2 Rb6 69. Kd2 Rd6+ 70. Ke2 Rb6 71. Kd2 Rd6+ 72. Ke2 Rb6 73. Kd2 Rd6+ 74. Ke2 1/2-1/2

[Event "Bogota Rapid op"]
[Site "Bogota"]
[Date "2024.12.21"]
[Round "8"]
[White "Rodriguez Sanchez, Diego Eduardo"]
[Black "Tascon Castro, Diego Alejandro"]
[Result "1-0"]
[WhiteElo "1939"]
[BlackElo "1747"]
[PlyCount "41"]
[EventDate "2024.12.21"]
[EventType "swiss (rapid)"]
[EventRounds "9"]
[EventCountry "COL"]
[SourceTitle "CB52_2024"]
[SourceDate "2024.12.25"]
[SourceVersion "1"]
[SourceVersionDate "2024.12.25"]
[SourceQuality "1"]

1. d4 d5 2. Bf4 Nf6 3. e3 e6 4. Nd2 Bd6 5. Bg3 c5 6. c3 Nc6 7. Ngf3 a6 8. Bd3 h6 9. Ne5 Qc7 10. f4 b5 11. 0-0 0-0 12. Qf3 b4 13. Bh4 Ne8 14. Qh5 Bxe5 15. fxe5 f5 16. exf6 Nxf6 17. Bxf6 gxf6 18. Rf3 f5 19. Qxh6 Qh7 20. Rg3+ Kh8 21. Qxf8+ 1-0

[Event "Bogota Distrito Capital op-B"]
[Site "Bogota"]
[Date "2024.09.20"]
[Round "2"]
[White "Barreto Pulido, Mariana"]
[Black "Rodriguez Sanchez, Diego Eduardo"]
[Result "0-1"]
[WhiteElo "1664"]
[BlackElo "1919"]
[PlyCount "98"]
[EventDate "2024.09.19"]
[EventType "swiss"]
[EventRounds "7"]
[EventCountry "COL"]
[SourceTitle "EXT 2025"]
[Source "ChessBase"]
[SourceDate "2024.10.14"]
[SourceVersion "1"]
[SourceVersionDate "2024.10.14"]
[SourceQuality "1"]

1. e4 e6 2. d4 d5 3. Nc3 dxe4 4. Nxe4 Nd7 5. Nf3 Ngf6 6. Nxf6+ Nxf6 7. c3 c5 8. Bb5+ Bd7 9. Bxd7+ Qxd7 10. 0-0 cxd4 11. Qxd4 Qxd4 12. Nxd4 Bc5 13. Nf3 0-0 14. Bf4 Rfd8 15. Be5 Ng4 16. Bd4 Rac8 17. Rad1 Bxd4 18. Nxd4 Rd5 19. Rfe1 Rcd8 20. h3 Nf6 21. f4 Nh5 22. Re4 g5 23. Rde1 Nxf4 24. Rf1 h6 25. Kh2 b5 26. a3 a5 27. g3 Nd3 28. Re2 b4 29. Nc6 R8d7 30. cxb4 axb4 31. Nxb4 Nxb4 32. axb4 Rb5 33. Rc1 Rxb4 34. Kg2 Rd3 35. Rc4 Rc3 36. bxc3 Rxc4 37. Re3 Kf8 38. Kf3 Ke7 39. Ke2 Kd6 40. Kd3 Ra4 41. Rf3 f5 42. Rf2 f4 43. g4 e5 44. Re2 Kd5 45. Rb2 e4+ 46. Ke2 Ra1 47. Rb6 Ra2+ 48. Kd1 e3 49. Rxh6 f3 0-1

[Event "Bogota Distrito Capital op-B"]
[Site "Bogota"]
[Date "2024.09.20"]
[Round "3"]
[White "Rodriguez Sanchez, Diego Eduardo"]
[Black "Forero, Edwin Johann"]
[Result "0-1"]
[WhiteElo "1919"]
[BlackElo "1863"]
[PlyCount "102"]
[EventDate "2024.09.19"]
[EventType "swiss"]
[EventRounds "7"]
[EventCountry "COL"]
[SourceTitle "EXT 2025"]
[Source "ChessBase"]
[SourceDate "2024.10.14"]
[SourceVersion "1"]
[SourceVersionDate "2024.10.14"]
[SourceQuality "1"]

1. d4 Nf6 2. Bf4 d5 3. e3 e6 4. Nf3 Bd6 5. Bg3 0-0 6. Bd3 c5 7. c3 Qc7 8. Ne5 Nbd7 9. f4 b6 10. Nd2 Bb7 11. Qf3 c4 12. Bc2 b5 13. a3 a5 14. 0-0 b4 15. axb4 axb4 16. Bh4 Rxa1 17. Rxa1 Ra8 18. Rxa8+ Bxa8 19. g4 bxc3 20. bxc3 Qa7 21. g5 Qa1+ 22. Nb1 Bxe5 23. fxe5 Ne4 24. Bxe4 dxe4 25. Qd1 Qb2 26. Be1 Nb6 27. Bd2 Bc6 28. Qc1 Qa2 29. Na3 Na4 30. Nc2 Qb3 31. Nb4 Bb7 32. Qa1 Nb6 33. Kf2 Na4 34. h4 g6 35. Ke2 Kg7 36. Ke1 Nb2 37. Ke2 Nd3 38. Qa7 Nxb4 39. Qxb7 Nd5 40. Qxb3 cxb3 41. Kd1 Nb6 42. Kc1 Nc4 43. Be1 Kf8 44. Kb1 Ke7 45. Kc1 Kd7 46. Bg3 Kc6 47. Be1 Kb5 48. Bf2 Ka4 49. Kb1 Ka3 50. Be1 b2 51. d5 Kb3 0-1

[Event "Bogota Ventura Cup"]
[Site "Bogota"]
[Date "2024.08.19"]
[Round "4"]
[White "Rodriguez Sanchez, Diego Eduardo"]
[Black "Barrera Pena, Santiago"]
[Result "1-0"]
[WhiteElo "1915"]
[BlackElo "1744"]
[PlyCount "30"]
[EventDate "2024.08.18"]
[EventType "swiss"]
[EventRounds "6"]
[EventCountry "COL"]
[SourceTitle "CBM 221 Extra"]
[Source "ChessBase"]
[SourceDate "2024.09.30"]
[SourceVersion "1"]
[SourceVersionDate "2024.09.30"]
[SourceQuality "1"]

1. d4 Nf6 2. Bf4 d5 3. e3 c5 4. c3 Qb6 5. Qc1 cxd4 6. exd4 Bf5 7. Nf3 Nc6 8. Be2 e6 9. 0-0 Rc8 10. Nbd2 Be7 11. Re1 0-0 12. h3 Rfd8 13. Nf1 Ne4 14. Ng3 Nxg3 15. Bxg3 h6 1-0